| 000 | 00546nam a2200229Ia 4500 | ||
|---|---|---|---|
| 003 | OSt | ||
| 005 | 20220926044056.0 | ||
| 006 | a|||||r|||| 00| 0 | ||
| 007 | ta | ||
| 008 | 220923b |||||||| |||| 00| 0 eng d | ||
| 037 | _cGeneral Book | ||
| 040 |
_aRTL _cRTL _beng |
||
| 041 |
_2eng _aeng |
||
| 082 | _aY112:45:6, K5 | ||
| 110 | _aUNITED NATIONS | ||
| 245 | 0 | _aYoung adult offender | |
| 260 | _c1965 | ||
| 650 | _aYouth | ||
| 700 | _aUNITED NATIONS | ||
| 942 |
_hY112:45:6, K5 _cGB _2CC |
||
| 999 |
_c673952 _d673952 |
||